Entry Personal Name
Number of records used in: 1
001 - CONTROL NUMBER
003 - CONTROL NUMBER IDENTIFIER
005 - DATE AND TIME OF LATEST TRANSACTION
- control field:
20230921155753.0
008 - FIXED-LENGTH DATA ELEMENTS
- fixed length control field:
220607n| azannaabn |n aaa
010 ## - LIBRARY OF CONGRESS CONTROL NUMBER
- LC control number:
n 2022029411
035 ## - SYSTEM CONTROL NUMBER
- System control number:
(OCoLC)oca14585732
040 ## - CATALOGING SOURCE
- Original cataloging agency:
DLC
- Language of cataloging:
eng
- Description conventions:
rda
- Transcribing agency:
DLC
- Modifying agency:
OCoLC
100 1# - HEADING--PERSONAL NAME
- Personal name:
Saxena, Saumya
372 ## - FIELD OF ACTIVITY
- Field of activity:
India
- Source of term:
lcsh
670 ## - SOURCE DATA FOUND
- Source citation:
Divorce and democracy, 2022:
- Information found:
ECIP title page (Saumya Saxena) ECIP galley (British Academy Postdoctoral Fellow at the Faculty of History, University of Cambridge. She was formerly a consultant with the Law Commission of India. Her research interests include personal law, gender, religion, and comparative constitutionalism)
670 ## - SOURCE DATA FOUND
- Source citation:
Her website, viewed June 7, 2022
- Information found:
(Dr. Saumya Saxena...PhD in History from the University of Cambridge and an MSc from the University of Oxford and BA (Hons) in Political Science from Delhi University)